Camille [sound recording] / Alexandre Dumas fils.
Record details
- ISBN: 141939830X
- Physical Description: 7 sound discs (8 hr.) : digital ; 4 3/4 in.
- Edition: Unabridged.
- Publisher: Prince Frederick, MD : Recorded Books, p2006.
Content descriptions
| General Note: | Translation of La dame aux camélias. "The Lady of the Camellias"--Container. |
| Participant or Performer Note: | Performed by various narrators. |
Search for related items by subject
| Subject: | Courtesans > Fiction. Paris (France) > Fiction. Audiobooks. |
Available copies
- 1 of 1 copy available at scottsboropl.
Holds
- 0 current holds with 1 total copy.
Show Only Available Copies
| Location | Call Number / Copy Notes | Barcode | Shelving Location | Status | Due Date |
|---|---|---|---|---|---|
| scottsboropl | BK/CD Dum | 32269000762818 | Adult - Audiobook | Available | - |
| LDR | 01021nim a2200301 a 4500 | ||
|---|---|---|---|
| 001 | 128849 | ||
| 003 | CONS | ||
| 005 | 20140703073304.0 | ||
| 007 | sd fungnnumned | ||
| 008 | 060823s2006 mdunnn f eng d | ||
| 020 | . | ‡a141939830X | |
| 024 | 8 | . | ‡z9781419398308 |
| 028 | 0 | 0. | ‡aC3748 ‡bRecorded Books |
| 035 | . | ‡a(CPomAG)LMN498105 | |
| 100 | 1 | . | ‡aDumas, Alexandre, ‡d1824-1895. |
| 245 | 1 | 0. | ‡aCamille ‡h[sound recording] / ‡cAlexandre Dumas fils. |
| 250 | . | ‡aUnabridged. | |
| 260 | . | ‡aPrince Frederick, MD : ‡bRecorded Books, ‡cp2006. | |
| 300 | . | ‡a7 sound discs (8 hr.) : ‡bdigital ; ‡c4 3/4 in. | |
| 500 | . | ‡aTranslation of La dame aux camélias. | |
| 500 | . | ‡a"The Lady of the Camellias"--Container. | |
| 511 | 0 | . | ‡aPerformed by various narrators. |
| 650 | 0. | ‡aCourtesans ‡vFiction. | |
| 651 | 0. | ‡aParis (France) ‡vFiction. | |
| 650 | 0. | ‡aAudiobooks. | |
| 914 | . | ‡aScp_ds | |
| 959 | . | ‡i32269000762818 ‡lBK/CD Dum ‡aAdult - Audiobook ‡tAudiobook ‡g49.75 | |
| 852 | . | ‡p32269000762818 ‡jBK/CD Dum ‡gAdult - Audiobook ‡cAudiobook ‡y49.75 ‡bSBPL | |
| 901 | . | ‡a128849 ‡bUnknown ‡c128849 ‡tbiblio | |